• 首页
  • 本馆介绍
  • 公告通知
  • 最新文献
  • 馆藏检索
  • 电子资源
  • 读者导购
  • 参考咨询
  • 我的图书馆
  • 登录
  • 详细信息显示
  • 放入我的书架
  • 预约/预借图书
  • 作者相关作品
  • 分类相关作品
  • 丛书相关作品
  • 出版社相关作品

书目信息

  • 表格格式
  • 工作单格式
  • 卡片格式
题名:
磁放大器
    
 
作者: Storm , 斯托姆 著 ;胡汝鼎 译
分册:  
出版信息: 北京   机械工业出版社  1965
页数: 532页
开本: 21cm
丛书名:
单 册:
中图分类: TN722.5
科图分类:
主题词: 磁放大器 , 放大技术 , 放大器
电子资源:
ISBN:
000 00820nam0 2200301 45 981
001 0641044265
005 20060814112445.25
010    @b精装@dCNY3.10
091    @a15033.3747
100    @a19960523d1965 mk y0chiy0121 ea
101 1  @achi@ceng
102    @aCN@b110000
105    @afa z 000yy
106    @ar
200 10 @a磁放大器@f(美)斯托姆,H.F.著@g胡汝鼎等译@Aci fang da qi
210    @a北京@c机械工业出版社@d1965
215    @a532页@c图,表@d21cm
300    @a译自:Magnetic amplifiers
517 1  @aMagnetic amplifiers@zeng
606    @a磁放大器
606 0  @a放大技术
606 0  @a放大器
690    @aTN722.5@v3
701 A1 @aStorm@bH.F.@f美@4著@AStorm
701  1 @a斯托姆@bH.F.@f美@4著@Asi tuo mu
702  0 @a胡汝鼎@4译@AHu Ru Ding
801 0  @c20060814
905    @a10447@dTN722.5@e213
    
    磁放大器/(美)斯托姆,H.F.著/胡汝鼎等译.-北京:机械工业出版社,1965
    532页:图,表;21cm
    译自:Magnetic amplifiers
    
    ISBN (精装):CNY3.10
    
●
相关链接 在E读中查询图书 在五车中查询图书 在当当中查询图书 在豆瓣中查询图书


正题名:磁放大器     索取号:TN722.5/213         预约/预借

序号 登录号 条形码 馆藏地/架位号 状态 备注
1 0458177   204581773   密集书库/ [索取号:TN722.5/213] 在馆    
唐山师范学院图书馆 欢迎您!
大连网信软件有限公司© 版权所有